| 000 | 01595cam a22004334i 4500 | ||
|---|---|---|---|
| 003 | PE-LiUPU | ||
| 005 | 20250731173218.0 | ||
| 008 | 150625s r 000 0 d | ||
| 035 | _a(Sirsi) a33324 | ||
| 040 |
_aPE-LiUPU _bspa _cPE-LiUPU _erda |
||
| 082 | 0 | 4 |
_a225.091 _bP47 _221 |
| 100 | 1 |
_aPeter Thiede, Carsten, _eautor. |
|
| 245 | 1 | 4 |
_a¿El manuscrito más antiguo de los evangelios? : _bel fragmento de Marcos en Qumran y los comienzos de la tradición escrita del Nuevo Testamento / _cCarsten Peter Thiede ; lo tradujo al castellano, Isabel Fornari Carbonell. |
| 264 | 1 |
_aValencia : _bInstitución San Jerónimo, _c1989. |
|
| 300 |
_a94 páginas : _billustraciones ; _c24 cm |
||
| 336 |
_atext _2rdacontent |
||
| 337 |
_aunmediated _2rdamedia |
||
| 338 |
_avolume _2rdacarrier |
||
| 526 | _aSEG42 | ||
| 526 | _aSEG41 | ||
| 526 | _aSEG40 | ||
| 526 | _aSEG39 | ||
| 526 | _aP94 | ||
| 526 | _aP87 | ||
| 526 | _aP86 | ||
| 526 | _aP85 | ||
| 526 | _aP77 | ||
| 526 | _aP76 | ||
| 526 | _aP35 | ||
| 630 | 0 | 4 |
_aBiblia. _pN.T. _pMarcos _xManuscritos, griegos. |
| 650 | 1 | 4 | _aRollos del Mar Muerto. 7Q5. |
| 650 | 1 | 4 | _aSitio de Qumrán (Cisjordania). |
| 910 | _a | ||
| 942 |
_2ddc _cBOOK |
||
| 949 |
_a225.091 P47 _wDEWEY _c1 _i37581 _lCCODEBUL1 _mBUL _p00.00 _r0 _sY _tBOOK _u2015-06-25 _xBIBLIOTECA _zUNKNOWN _0COMPRA _o.STAFF. Colección General |
||
| 596 | _a1 | ||
| 999 |
_a225.091 P47 _wDEWEY _c41059 _i37581 _d41059 _f2021-11-9 _g5 _lCCODEBUL1 _mBUL _q1 _r0 _sY _tBOOK _u2015-6-25 _xTEOLOGIA _zUNKNOWN _0COMPRA _o.STAFF. Colección General |
||
| 980 |
_81 _gALBERTO SANCHEZ Responsable de Automatización |
||